02310nam a22002657a 450000500170000000800410001702000180005804000070007604100080008308200180009110000360010924500190014525000100016426000530017430000310022736500530025852010050031152004750131665000260179170000270181770000300184494200120187499900190188695201390190520220111095035.0220110b ||||| |||| 00| 0 eng d a9788125915409 cAL aEng 223a512bSINM aSurjeet Singh and others912866 aModern Algebra aEd 8. aNew DelhibVikas Publishing House Pvt Ltd.c2018 axi,579 p.bPBc21.5x14 cm. a4971b₹399.20c₹d₹499.00e20%f06-01-2022 aFor more than thirty years modern algebra has served the student community as a textbook for introductory courses on the subject. The book starts from set theory and covers an advanced course in group theory and ring theory. A detailed study of field theory and its application to geometry is undertaken after a brief and concise account of vector spaces and linear transformations. The last chapter discusses ring with chain conditions and hibert@s famous theorem. The eighth edition is a distinctly improved version of the book incorporating new developments and thinking in the subject. Presentation of the subject matter has been vastly modified. Many results have been re-arranged, and the proofs of many results rewritten. Some more examples have been significant improvements have been made in presenting permutation groups, survey of some groups significant improvements have been made in presenting permutation groups, survey of some groups galois extensions of fields more results have been aContents • Set Theory • Groups • Quotient Groups • Homomorphisms and Permutations • Structure Theory of Groups • Solvable Groups and Jordan-Holder Theorem • Survey of Some Finite Groups • Rings • Homomorphisms and Embedding of Rings • Polynomial Rings • Factorization Theory in Integral Domains • Vector Spaces • Linear Transformations • Fields • Galois Theory • Rings with Chain Conditions • Canonical Forms • Bibliography • Index  aModern Algebra912797 aSINGH (Surjeet)912798 aZAMEERUDDIN (Qazi)912799 2ddccBK c221135d221135 00102ddc40708MATaALbALd2022-01-10eBiblios Book Pointg399.00l0o512 SINMp075308r2022-01-10 00:00:00v499.00w2022-01-10yBK